LEADER 01274nam 2200361 a 450 001 9910692532103321 005 20040622085207.0 035 $a(CKB)5470000002354135 035 $a(OCoLC)55692061 035 9 $aocm55692061 035 $a(OCoLC)995470000002354135 035 $a(EXLCZ)995470000002354135 100 $a20040622d2000 ua 0 101 0 $aeng 135 $auran|||||| 181 $ctxt$2rdacontent 182 $cc$2rdamedia 183 $acr$2rdacarrier 200 10$aFinancial management$b[electronic resource] $eCensus Monitoring Board disbursements, internal control weaknesses, and other matters : report to congressional requesters 210 1$a[Washington, D.C.] :$cU.S. General Accounting Office,$d[2000] 300 $aTitle from title screen (viewed on June 15, 2004). 300 $a"September 2000." 300 $aPaper version available from: U.S. General Accounting Office, 441 G St., NW, Rm. LM, Washington, D.C. 20548. 300 $a"AIMD-00-317." 320 $aIncludes bibliographical references. 517 $aFinancial management 712 02$aU.S. Census Monitoring Board. 801 0$bGPO 801 1$bGPO 906 $aBOOK 912 $a9910692532103321 996 $aFinancial Management$9424135 997 $aUNINA